|
|
|
|
| LEADER |
00782nam a22002172a 4500 |
| 001 |
000348755 |
| 003 |
CZ BrMZK |
| 005 |
20140605151108.0 |
| 007 |
ta |
| 008 |
950101s1972 gw f ger d |
| 040 |
|
|
|a BOA001
|b cze
|
| 245 |
0 |
0 |
|a Wörter und Wendungen :
|b Wörterbuch zum deutschen Sprachgebrauch /
|c herausgegeben von Erhard Agricola, unter Mitwirkung von Herbert Görner und Ruth Küfner
|
| 260 |
|
|
|a Leipzig :
|b Bibliographisches Institut,
|c 1972
|
| 300 |
|
|
|a 818 s.
|
| 700 |
1 |
|
|a Agricola, Erhard,
|d 1921-1995
|7 ola2004161168
|4 edt
|
| 700 |
1 |
|
|a Görener, Herbert
|4 edt
|
| 700 |
1 |
|
|a Küfner, Ruth
|4 edt
|
| 910 |
|
|
|a BOA001
|b 2-0493.540-72
|
| 990 |
|
|
|a BK
|
| 991 |
|
|
|b 201406
|
| 996 |
7 |
|
|b 2619752810
|c 2-0493.540-72
|l MZK
|r Sklad / do 24 hodin
|n 4
|w 000348755
|u 000010
|a 1
|e BOA001
|j MZK50
|s A
|